00481 2200193 4500001002100000005001500021008004100036020002200077035001900099041000700118082001000125090001600135100001700151245003800168260002400206300003300230500001000263650001400273INLIS00000000000213920241224112500241224||||||||| | ||| |||| || |  a978-979-054-211-2 0010-1224002139 aid0 a611.7 a611.7 ANA n0 aAnandita F.P00aMenjaga Kebersihan Kuku dan Kulit aBogorbQuadrac2010 avi, 77 hlm. : ilus, ; 23 cm. aCet.1 0akesehatan